Statistiques concernant Les pays européens finissants par -ie.

Cliquez ici pour prendre le quiz!

Statistiques générales

  • Ce quiz a été pris 362 fois
  • Le résultat moyen est 15 sur 16

Statistiques - réponses

Pays% Correct
Estonie
97%
Lettonie
97%
Lituanie
97%
Albanie
95%
Slovenie
95%
Slovaquie
94%
Croatie
93%
Hongrie
93%
Roumanie
93%
Russie
93%
Biélorussie
91%
Serbie
91%
Bulgarie
90%
Italie
90%
Moldavie
86%
Tchéquie
64%

Distribution des résultats

Percentile par nombre de réponses

% des personnes avec chaque résultat

Votre développement - résultats

Vous n’avez pas pris ce quiz